| 000 | 00473nam a2200193Ia 4500 | ||
|---|---|---|---|
| 003 | OSt | ||
| 005 | 20260316125405.0 | ||
| 008 | 250729s1995 xx 000 0 und d | ||
| 020 | _a9788171701711 | ||
| 040 | _cAL | ||
| 041 | _aeng | ||
| 082 | _a425 ANNA | ||
| 100 |
_aR.B. Anna _9230162 |
||
| 245 | _aAn inductive functional grammar and composition | ||
| 260 |
_aMudugiri _bMadhu Prakashan _c1995 |
||
| 300 | _a450p | ||
| 650 |
_aEnglish _9230163 |
||
| 942 |
_2ddc _cBED |
||
| 999 |
_c238644 _d238644 |
||